000 00793nab a2200241 u 4500
001 09928
003 HDC
007 cr bn ---aaaaa
008 210203c20100303my dr|nes 0 a may d
040 _aHDC
245 0 _aNegara unjur pertumbuhan eksport 6 peratus
260 _aKuala Lumpur :
_bNew Straits Times Press (M) Bhd.,
_c2010
336 _atext
_2rdacontent
337 _acomputer
_2rdamedia
338 _aonline resource
_2rdacarrier
650 _aEconomic development
_94486
650 _aExport production
_910165
710 _aBerita Harian
856 _zRequest full-text at [email protected]
942 _2lcc
942 _cNEWS
942 _kNWSC 003779
999 _c7251
_d7251